[Event "Medellin de La Raza op"]
[Site "Medellin"]
[Date "2023.10.15"]
[Round "8"]
[White "Bocangel Chavez, Marjoire Johana"]
[Black "Labrador Avendano, Angie Jhoana"]
[Result "1/2-1/2"]
[WhiteElo "1617"]
[BlackElo "1626"]
[PlyCount "125"]
[EventDate "2023.10.12"]
[EventType "swiss"]
[EventRounds "10"]
[EventCountry "COL"]
[SourceTitle "Mega2024 Update 01"]
[Source "Chessbase"]
[SourceDate "2023.11.12"]
[SourceVersion "1"]
[SourceVersionDate "2023.11.12"]
[SourceQuality "1"]

1. e4 c5 2. Nf3 Nc6 3. d4 cxd4 4. Nxd4 g6 5. Bc4 Bg7 6. c3 d6 7. 0-0 Nf6 8. f3 0-0 9. Kh1 a6 10. a4 Qc7 11. Bb3 Rb8 12. Be3 Na5 13. Ba2 Nc4 14. Bxc4 Qxc4 15. Na3 Qc7 16. Qd2 Rd8 17. Bh6 Qc5 18. Bxg7 Kxg7 19. Rae1 Bd7 20. b4 Qh5 21. a5 e5 22. Ne2 Be6 23. Nc2 d5 24. Ng3 Qh4 25. Qf2 Qf4 26. Ne2 Qd2 27. Ne3 d4 28. cxd4 exd4 29. e5 Nd7 30. Ng4 d3 31. Nd4 Qxb4 32. Nxe6+ fxe6 33. Qe3 Qxa5 34. Qh6+ Kg8 35. Nf6+ Nxf6 36. exf6 Rd7 37. Rxe6 d2 38. Rd6 Qb5 39. Rg1 Rf8 40. Qxd2 Rxd6 41. Qxd6 Qc6 42. Qxc6 bxc6 43. Ra1 Rxf6 44. Rxa6 Re6 45. Kg1 Kf7 46. Ra7+ Re7 47. Rxe7+ Kxe7 48. Kf2 Kd6 49. Ke3 Kc5 50. h4 Kd5 51. g3 c5 52. Kd3 c4+ 53. Kc3 Kc5 54. h5 g5 55. f4 gxf4 56. gxf4 Kd5 57. f5 Ke5 58. Kxc4 Kxf5 59. Kd3 h6 60. Ke3 Kg4 61. Kf2 Kh3 62. Kg1 Kg3 63. Kh1 1/2-1/2

[Event "Medellin de La Raza op"]
[Site "Medellin"]
[Date "2023.10.14"]
[Round "6"]
[White "Bocangel Chavez, Marjoire Johana"]
[Black "Cuellar Canosa, Nicolas"]
[Result "0-1"]
[WhiteElo "1617"]
[BlackElo "1858"]
[PlyCount "106"]
[EventDate "2023.10.12"]
[EventType "swiss"]
[EventRounds "10"]
[EventCountry "COL"]
[SourceTitle "Mega2024 Update 01"]
[Source "Chessbase"]
[SourceDate "2023.11.12"]
[SourceVersion "1"]
[SourceVersionDate "2023.11.12"]
[SourceQuality "1"]

1. e4 c5 2. Nf3 e6 3. d4 cxd4 4. Nxd4 a6 5. Bd3 Nf6 6. 0-0 Qc7 7. Kh1 Nc6 8. Be3 Nxd4 9. Bxd4 Bc5 10. Bxf6 gxf6 11. Nd2 b5 12. Qf3 Qe5 13. c3 Bb7 14. Qe2 Qf4 15. Rad1 h5 16. Qf3 Qg5 17. Nb3 Bb6 18. Qg3 Rg8 19. Qxg5 Rxg5 20. Rd2 h4 21. h3 Ke7 22. Nd4 Rag8 23. f3 b4 24. Rfd1 bxc3 25. bxc3 Ba5 26. Rc1 Rc8 27. Rdc2 d5 28. Rb1 Rc7 29. f4 Rg3 30. Bf1 Rgxc3 31. Rxc3 Bxc3 32. Ne2 Ba5 33. Nd4 Kd7 34. exd5 Bxd5 35. Bxa6 Rc3 36. Bb5+ Kd6 37. a4 Rxh3+ 38. Kg1 Rg3 39. Bf1 Bd2 40. Ne2 Ra3 41. f5 Rxa4 42. fxe6 fxe6 43. Rd1 Be3+ 44. Kh2 Ke5 45. Nc3 Rd4 46. Re1 Kf4 47. Ne2+ Ke4 48. Nxd4 Kxd4 49. Ra1 Bf4+ 50. Kg1 Bg3 51. Be2 Ke3 52. Bh5 e5 53. Ra3+ Kf4 0-1

[Event "Medellin de La Raza op"]
[Site "Medellin"]
[Date "2023.10.13"]
[Round "4"]
[White "Bocangel Chavez, Marjoire Johana"]
[Black "Guerra Verano, Diana"]
[Result "1-0"]
[WhiteElo "1617"]
[BlackElo "1648"]
[PlyCount "79"]
[EventDate "2023.10.12"]
[EventType "swiss"]
[EventRounds "10"]
[EventCountry "COL"]
[SourceTitle "Mega2024 Update 01"]
[Source "Chessbase"]
[SourceDate "2023.11.12"]
[SourceVersion "1"]
[SourceVersionDate "2023.11.12"]
[SourceQuality "1"]

1. e4 c5 2. Nc3 e6 3. Nf3 a6 4. d4 cxd4 5. Nxd4 Qc7 6. Bd3 Nf6 7. 0-0 Nc6 8. Nxc6 bxc6 9. f4 d5 10. e5 Bc5+ 11. Kh1 Nd7 12. Qh5 g6 13. Qh6 Bf8 14. Qh3 Bb7 15. Bd2 Nc5 16. Be2 d4 17. Nd1 0-0-0 18. Nf2 Be7 19. b4 Nd7 20. a4 Nb8 21. b5 c5 22. Rfb1 Kd7 23. bxa6 Bxa6 24. Bb5+ Bxb5 25. axb5 Qb7 26. Ra5 Ke8 27. Rba1 Nd7 28. Qb3 Rb8 29. c4 dxc3 30. Bxc3 Bd8 31. Ra7 Qxb5 32. Qxb5 Rxb5 33. Rd1 Nb8 34. Ne4 Be7 35. Nd6+ Bxd6 36. exd6 Rg8 37. d7+ Nxd7 38. Raxd7 Rb1 39. Bf6 Rxd1+ 40. Rxd1 1-0

[Event "Nonalaya Ricardo Online op"]
[Site "Chess.com INT"]
[Date "2020.07.19"]
[Round "7"]
[White "Bocangel Chavez, Marjoire Johana"]
[Black "Fuentes Godoy, Lilia Ivonne"]
[Result "0-1"]
[WhiteElo "1646"]
[BlackElo "2196"]
[PlyCount "68"]
[EventDate "2020.07.19"]
[EventType "swiss (blitz)"]
[EventRounds "9"]
[EventCountry "PER"]
[SourceTitle "CBM 197 Extra"]
[Source "ChessBase"]
[SourceDate "2020.09.30"]
[SourceVersion "1"]
[SourceVersionDate "2020.09.30"]
[SourceQuality "1"]

1. e4 c6 2. d4 d5 3. e5 Bf5 4. Bd3 Bxd3 5. Qxd3 e6 6. Nf3 c5 7. c3 cxd4 8. cxd4 Qa5+ 9. Bd2 Qa6 10. Qxa6 Nxa6 11. 0-0 Ne7 12. Nc3 Nc6 13. Be3 Be7 14. a3 Rc8 15. Rfc1 0-0 16. b4 Nab8 17. b5 Na5 18. a4 Nc4 19. Na2 Ba3 20. Rc2 Nd7 21. Nd2 Ndb6 22. Nxc4 Nxc4 23. Kf1 Rc7 24. Ke2 Rfc8 25. Bd2 Bb2 26. Rf1 Bxd4 27. f4 Bb2 28. Bb4 d4 29. Kd3 Nxe5+ 30. fxe5 Rxc2 31. Bd6 Rxg2 32. h3 Rg3+ 33. Ke4 g5 34. Be7 Re3# 0-1

[Event "Nonalaya Ricardo Online op"]
[Site "Chess.com INT"]
[Date "2020.07.19"]
[Round "6"]
[White "Bocangel Chavez, Marjoire Johana"]
[Black "Reyes Zavaleta, Diego Alexander"]
[Result "0-1"]
[WhiteElo "1646"]
[BlackElo "1678"]
[PlyCount "118"]
[EventDate "2020.07.19"]
[EventType "swiss (blitz)"]
[EventRounds "9"]
[EventCountry "PER"]
[SourceTitle "CBM 197 Extra"]
[Source "ChessBase"]
[SourceDate "2020.09.30"]
[SourceVersion "1"]
[SourceVersionDate "2020.09.30"]
[SourceQuality "1"]

1. e4 c5 2. Nf3 e6 3. d4 cxd4 4. Nxd4 Nc6 5. Nc3 Nf6 6. Bb5 Bb4 7. 0-0 0-0 8. Bg5 h6 9. Bh4 Be7 10. Kh1 d5 11. exd5 Nxd4 12. Qxd4 Nxd5 13. Bxe7 Nxe7 14. Qe4 a6 15. Bd3 Ng6 16. Qb4 Ne7 17. Rad1 Qc7 18. Qe4 Ng6 19. Ne2 Qe5 20. Qxe5 Nxe5 21. Rfe1 Nxd3 22. Rxd3 b5 23. Red1 Bb7 24. Rd7 Bd5 25. Nf4 Be4 26. c3 g5 27. Ne2 Bd5 28. Kg1 Bxa2 29. Ng3 Bd5 30. f3 Rfd8 31. Rc7 Bc4 32. Rdd7 Rxd7 33. Rxd7 a5 34. Ne4 a4 35. Nd6 a3 36. bxa3 Rxa3 37. Nxf7 Rxc3 38. Nxh6+ Kf8 39. Rf7+ Ke8 40. Rb7 Rc1+ 41. Kf2 Rf1+ 42. Kg3 Rd1 43. Ng4 Rb1 44. Ne5 Bd5 45. h4 Bxb7 46. hxg5 b4 47. g6 Kf8 48. Kf4 b3 49. g4 Rd1 50. Kg5 b2 51. f4 b1Q 52. Kf6 Rf1 53. g7+ Kg8 54. Ng6 Qxg6+ 55. Kxg6 Rxf4 56. g5 e5 57. Kh6 e4 58. g6 e3 59. Kg5 Rf3 0-1

[Event "Nonalaya Ricardo Online op"]
[Site "Chess.com INT"]
[Date "2020.07.19"]
[Round "9"]
[White "Rodriguez, Sofia1111"]
[Black "Bocangel Chavez, Marjoire Johana"]
[Result "0-1"]
[WhiteElo "1777"]
[BlackElo "1646"]
[PlyCount "56"]
[EventDate "2020.07.19"]
[EventType "swiss (blitz)"]
[EventRounds "9"]
[EventCountry "PER"]
[SourceTitle "CBM 197 Extra"]
[Source "ChessBase"]
[SourceDate "2020.09.30"]
[SourceVersion "1"]
[SourceVersionDate "2020.09.30"]
[SourceQuality "1"]

1. d4 d5 2. Nf3 Nf6 3. Bf4 e6 4. e3 Bd6 5. Bg3 0-0 6. c4 c6 7. Be2 Re8 8. Ne5 Nfd7 9. 0-0 f6 10. Nxd7 Qxd7 11. Nc3 Qc7 12. Bxd6 Qxd6 13. e4 Nd7 14. f4 Rd8 15. e5 Qe7 16. cxd5 cxd5 17. Bd3 a6 18. Qh5 f5 19. g4 g6 20. Qh3 Qb4 21. Ne2 Nf8 22. Kh1 Qxb2 23. Rg1 Bd7 24. Rab1 Qxa2 25. Rxb7 Be8 26. gxf5 exf5 27. Bxf5 Qxe2 28. Be6+ Kh8 0-1

[Event "Titled Tuesday intern op 16th June"]
[Site "Chess.com INT"]
[Date "2020.06.16"]
[Round "4"]
[White "Skuhala, Barbara"]
[Black "Bocangel Chavez, Marjoire Johana"]
[Result "1-0"]
[WhiteElo "2095"]
[BlackElo "1646"]
[PlyCount "55"]
[EventDate "2020.06.16"]
[EventType "swiss (blitz)"]
[EventRounds "10"]
[EventCountry "USA"]
[SourceTitle "EXT 2021"]
[Source "ChessBase"]
[SourceDate "2020.10.23"]
[SourceVersion "1"]
[SourceVersionDate "2020.10.23"]
[SourceQuality "1"]

1. e4 e6 2. d4 d5 3. Nc3 f6 4. Nf3 Bb4 5. exd5 exd5 6. Bd3 Ne7 7. 0-0 0-0 8. Ne2 c6 9. c3 Bd6 10. Ng3 Bg4 11. h3 Bd7 12. Bc2 Ng6 13. Nf5 Qc7 14. Nxd6 Qxd6 15. Re1 Na6 16. Qd3 Rae8 17. Bd2 c5 18. b3 Nc7 19. c4 cxd4 20. Qxd4 a6 21. Rad1 Bc6 22. Ba5 Rxe1+ 23. Rxe1 Rc8 24. Bf5 Rd8 25. c5 Qf4 26. Qxf4 Nxf4 27. Bxc7 Rf8 28. Bxf4 1-0

[Event "Titled Tuesday intern op 6th June"]
[Site "Chess.com INT"]
[Date "2020.06.02"]
[Round "9"]
[White "Bocangel Chavez, Marjoire Johana"]
[Black "Mirza, Diana"]
[Result "0-1"]
[WhiteElo "1646"]
[BlackElo "1939"]
[PlyCount "86"]
[EventDate "2020.06.02"]
[EventType "swiss (blitz)"]
[EventRounds "10"]
[EventCountry "USA"]
[SourceTitle "CBM 196 Extra"]
[Source "ChessBase"]
[SourceDate "2020.07.31"]
[SourceVersion "1"]
[SourceVersionDate "2020.07.31"]
[SourceQuality "1"]

1. e4 e5 2. Nf3 d6 3. d4 exd4 4. Nxd4 Nf6 5. Nc3 g6 6. Bd3 Bg7 7. Be3 0-0 8. 0-0 Ng4 9. Qd2 Ne5 10. Bh6 Nxd3 11. Bxg7 Kxg7 12. Qxd3 Nc6 13. Nxc6 bxc6 14. Qd4+ Qf6 15. Qxf6+ Kxf6 16. Rfe1 Be6 17. f4 d5 18. e5+ Ke7 19. Na4 Rfb8 20. b3 Rb4 21. Nc5 Rxf4 22. Rf1 Rxf1+ 23. Rxf1 Rf8 24. Na6 Bf5 25. Rc1 Kd8 26. Nc5 Re8 27. Nb7+ Kc8 28. Na5 Kd7 29. c4 Rxe5 30. h3 d4 31. Nb7 c5 32. Na5 Re2 33. a4 d3 34. Rd1 d2 35. Nb7 Re1+ 36. Rxe1 dxe1Q+ 37. Kh2 Qe5+ 38. Kh1 Qa1+ 39. Kh2 Kc6 40. Na5+ Kb6 41. b4 cxb4 42. Nb3 Qb2 43. c5+ Kb7 0-1

[Event "Titled Tuesday intern op 19th May"]
[Site "Chess.com INT"]
[Date "2020.05.19"]
[Round "6"]
[White "Mickiewicz, Piotr"]
[Black "Bocangel Chavez, Marjoire Johana"]
[Result "1-0"]
[WhiteElo "2186"]
[BlackElo "1646"]
[PlyCount "33"]
[EventDate "2020.05.19"]
[EventType "swiss (blitz)"]
[EventRounds "10"]
[EventCountry "USA"]
[SourceTitle "EXT 2021"]
[Source "ChessBase"]
[SourceDate "2020.10.23"]
[SourceVersion "1"]
[SourceVersionDate "2020.10.23"]
[SourceQuality "1"]

1. e4 e6 2. d3 d5 3. Nd2 Nf6 4. Ngf3 dxe4 5. dxe4 Nc6 6. Bb5 Bc5 7. 0-0 0-0 8. c3 Bd7 9. Qe2 a6 10. Bd3 e5 11. Nb3 Bb6 12. Be3 Ba7 13. Nc5 Re8 14. Nxb7 Qb8 15. Nc5 Qxb2 16. Qxb2 Rab8 17. Qe2 1-0

[Event "Moquegua Ilo GP"]
[Site "Moquegua Ilo"]
[Date "2017.11.05"]
[Round "8"]
[White "Bocangel Chavez, Marjoire Johana"]
[Black "Palao, Adriana"]
[Result "1/2-1/2"]
[WhiteElo "1672"]
[BlackElo "1659"]
[PlyCount "26"]
[EventDate "2017.11.01"]
[EventType "swiss"]
[EventRounds "8"]
[EventCountry "PER"]
[SourceTitle "CBM 181 Extra"]
[Source "ChessBase"]
[SourceDate "2017.12.12"]
[SourceVersion "1"]
[SourceVersionDate "2017.12.12"]
[SourceQuality "1"]

1. e4 e5 2. Nf3 d6 3. d4 Nd7 4. Bc4 c6 5. 0-0 Be7 6. Nc3 Ngf6 7. Ng5 0-0 8. f4 exd4 9. Ne2 h6 10. Nf3 Nxe4 11. Nexd4 d5 12. Bb3 Ndf6 13. h3 c5 1/2-1/2

[Event "Moquegua Ilo GP"]
[Site "Moquegua Ilo"]
[Date "2017.11.04"]
[Round "7"]
[White "Bocangel Chavez, Marjoire Johana"]
[Black "Gonzales Curse, Flavio"]
[Result "0-1"]
[WhiteElo "1672"]
[BlackElo "2081"]
[PlyCount "120"]
[EventDate "2017.11.01"]
[EventType "swiss"]
[EventRounds "8"]
[EventCountry "PER"]
[SourceTitle "CBM 181 Extra"]
[Source "ChessBase"]
[SourceDate "2017.12.12"]
[SourceVersion "1"]
[SourceVersionDate "2017.12.12"]
[SourceQuality "1"]

1. e4 c5 2. Nc3 Nc6 3. Bb5 Nd4 4. a4 g6 5. f4 Bg7 6. Nf3 a6 7. Bc4 d6 8. 0-0 e6 9. Nxd4 cxd4 10. Ne2 Ne7 11. d3 d5 12. Bb3 dxe4 13. dxe4 0-0 14. Ng3 Qb6 15. Kh1 Bd7 16. Qe1 Rac8 17. Bd2 Rfe8 18. a5 Qd8 19. c3 Nc6 20. Ba4 f5 21. e5 h5 22. cxd4 Nxd4 23. Bc3 Bxa4 24. Rxa4 Nb5 25. Ne2 Qd3 26. Rf3 Qc2 27. Ra1 Red8 28. Rc1 Qe4 29. Qf2 Bf8 30. Re1 Qa4 31. Qg3 Kf7 32. Rd3 Nxc3 33. Nxc3 Qxa5 34. Red1 Be7 35. Qf2 Rxd3 36. Rxd3 Rc7 37. h3 b5 38. g4 b4 39. Nd1 Qb5 40. Rd2 hxg4 41. hxg4 Rc8 42. g5 Rh8+ 43. Kg2 Qc6+ 44. Kg3 Qh1 45. Qg2 Qh4+ 46. Kf3 Bc5 47. Ke2 Qxf4 48. Rd7+ Ke8 49. Qa8+ Kxd7 50. Qb7+ Ke8 51. Qc8+ Kf7 52. Qxh8 Qxg5 53. Qh7+ Ke8 54. Qg8+ Kd7 55. Qb8 Qg2+ 56. Kd3 Qe4+ 57. Kd2 f4 58. Qh8 f3 59. Qh7+ Be7 60. Qh2 Bg5+ 0-1

[Event "American Continental (Women) 09th"]
[Site "Lima"]
[Date "2016.02.28"]
[Round "9"]
[White "Bocangel Chavez, Marjoire Johana"]
[Black "Arias Cango, Nathaly del Cisne"]
[Result "0-1"]
[WhiteElo "1708"]
[BlackElo "1888"]
[PlyCount "58"]
[EventDate "2016.02.20"]
[EventType "swiss"]
[EventRounds "9"]
[EventCountry "PER"]
[SourceTitle "CBM 171 Extra"]
[Source "ChessBase"]
[SourceDate "2016.04.26"]
[SourceVersion "1"]
[SourceVersionDate "2016.04.26"]
[SourceQuality "1"]

1. e4 c5 2. Nc3 a6 3. a4 b6 4. f4 Bb7 5. Bc4 e6 6. Nf3 d6 7. 0-0 Nf6 8. f5 d5 9. fxe6 dxc4 10. exf7+ Kd7 11. e5 Nd5 12. d4 Kc8 13. Ng5 Nxc3 14. Qg4+ Qd7 15. e6 Qxd4+ 16. Qxd4 Ne2+ 17. Kh1 Nxd4 18. c3 Nb3 19. Rb1 h6 20. Re1 Be7 21. Ne4 Bxe4 22. Rxe4 Nxc1 23. Rxc1 Nc6 24. Rg4 Bf6 25. Rxc4 Kd8 26. Rd1+ Ke7 27. Re4 Rad8 28. Rde1 Ne5 29. h3 Kxe6 0-1

[Event "American Continental (Women) 09th"]
[Site "Lima"]
[Date "2016.02.27"]
[Round "8"]
[White "Estrada Cantaro, Alexandra Fiore"]
[Black "Bocangel Chavez, Marjoire Johana"]
[Result "0-1"]
[WhiteElo "1635"]
[BlackElo "1708"]
[PlyCount "82"]
[EventDate "2016.02.20"]
[EventType "swiss"]
[EventRounds "9"]
[EventCountry "PER"]
[SourceTitle "CBM 171 Extra"]
[Source "ChessBase"]
[SourceDate "2016.04.26"]
[SourceVersion "1"]
[SourceVersionDate "2016.04.26"]
[SourceQuality "1"]

1. e4 e6 2. d4 d5 3. Nd2 Nf6 4. e5 Nfd7 5. f4 c5 6. Ndf3 Nc6 7. Ne2 cxd4 8. Nexd4 Bc5 9. Nb3 Bb6 10. Qe2 0-0 11. Bd2 a5 12. 0-0-0 a4 13. Na1 a3 14. b3 Nd4 15. Nxd4 Bxd4 16. c3 Qc7 17. Kb1 Bxc3 18. Rc1 d4 19. Bxc3 dxc3 20. Qd3 b6 21. Rxc3 Qa7 22. Qh3 Nc5 23. Bd3 Nxd3 24. Rxd3 Ba6 25. Rdd1 Bb7 26. Qd3 Rac8 27. Rd2 Qa5 28. Rhd1 Rc3 29. Qd4 Rc5 30. Nc2 Rd5 31. Qe3 Rc8 32. Rxd5 Bxd5 33. Qd4 g6 34. Ne3 Rd8 35. Rc1 Qb5 36. Rc4 Kg7 37. Nxd5 Rxd5 38. Qc3 Rd1+ 39. Kc2 Qd5 40. Rc7 Rg1 41. Qf3 Rxg2+ 0-1

[Event "American Continental (Women) 09th"]
[Site "Lima"]
[Date "2016.02.26"]
[Round "7"]
[White "Bocangel Chavez, Marjoire Johana"]
[Black "Rodriguez, Sofia"]
[Result "0-1"]
[WhiteElo "1708"]
[BlackElo "1794"]
[PlyCount "67"]
[EventDate "2016.02.20"]
[EventType "swiss"]
[EventRounds "9"]
[EventCountry "PER"]
[SourceTitle "CBM 171 Extra"]
[Source "ChessBase"]
[SourceDate "2016.04.26"]
[SourceVersion "1"]
[SourceVersionDate "2016.04.26"]
[SourceQuality "1"]

1. e4 c5 2. Nc3 a6 3. f4 b5 4. Nf3 e6 5. Be2 d5 6. exd5 exd5 7. d4 c4 8. a3 Nf6 9. 0-0 Be7 10. Ne5 0-0 11. Bf3 Bb7 12. Qe1 Nbd7 13. g4 Nxe5 14. fxe5 Ne4 15. Bxe4 dxe4 16. Be3 Qd7 17. Qg3 f6 18. h3 fxe5 19. dxe5 Rf3 20. Rxf3 exf3 21. Rd1 Qe6 22. Nb1 Rf8 23. Bf2 Rd8 24. Rxd8+ Bxd8 25. Qf4 h6 26. Nd2 Bg5 27. Qd4 Bxd2 28. Qxd2 Qxe5 29. c3 Qe4 30. Kh2 Qb1 31. h4 Qf1 32. Be3 Qd3 33. g5 Qxd2+ 34. Bxd2 0-1

[Event "American Continental (Women) 09th"]
[Site "Lima"]
[Date "2016.02.25"]
[Round "6"]
[White "Romero Dongo, Antonella"]
[Black "Bocangel Chavez, Marjoire Johana"]
[Result "1-0"]
[WhiteElo "1781"]
[BlackElo "1708"]
[PlyCount "86"]
[EventDate "2016.02.20"]
[EventType "swiss"]
[EventRounds "9"]
[EventCountry "PER"]
[SourceTitle "CBM 171 Extra"]
[Source "ChessBase"]
[SourceDate "2016.04.26"]
[SourceVersion "1"]
[SourceVersionDate "2016.04.26"]
[SourceQuality "1"]

1. e4 e6 2. d4 d5 3. Nc3 Nf6 4. Bg5 Be7 5. e5 Nfd7 6. Bxe7 Qxe7 7. f4 a6 8. Qg4 0-0 9. Bd3 f5 10. Qh5 c5 11. Nf3 cxd4 12. Nxd4 Nc6 13. Nxd5 exd5 14. Nxf5 Rxf5 15. Bxf5 g6 16. Qg5 Qxg5 17. Be6+ Kg7 18. fxg5 Nb6 19. Bxc8 Rxc8 20. 0-0-0 Nxe5 21. Rhe1 Re8 22. Kb1 Re7 23. a4 a5 24. c4 dxc4 25. Rd6 Nbd7 26. Rxd7 Rxd7 27. Rxe5 b6 28. Re6 Rb7 29. Rc6 b5 30. axb5 Rxb5 31. Rc7+ Kg8 32. h4 Rb4 33. g3 Rb3 34. Rxc4 Rxg3 35. Ka2 Rf3 36. b4 Rf5 37. Kb3 h6 38. Rc8+ Kf7 39. Rc7+ Kg8 40. gxh6 Rh5 41. Ra7 Rxh6 42. Rxa5 Rxh4 43. b5 Rh1 1-0

[Event "American Continental (Women) 09th"]
[Site "Lima"]
[Date "2016.02.20"]
[Round "1"]
[White "Bocangel Chavez, Marjoire Johana"]
[Black "Perez Rodriguez, Jennifer"]
[Result "0-1"]
[WhiteElo "1708"]
[BlackElo "2155"]
[PlyCount "118"]
[EventDate "2016.02.20"]
[EventType "swiss"]
[EventRounds "9"]
[EventCountry "PER"]
[SourceTitle "CBM 171 Extra"]
[Source "ChessBase"]
[SourceDate "2016.04.26"]
[SourceVersion "1"]
[SourceVersionDate "2016.04.26"]
[SourceQuality "1"]

1. e4 e5 2. Nf3 Nc6 3. Bc4 Nf6 4. Ng5 d5 5. exd5 b5 6. dxc6 bxc4 7. Qe2 Bd6 8. Qxc4 0-0 9. Nc3 Rb8 10. a3 h6 11. Nge4 Be6 12. Qe2 Nxe4 13. Nxe4 f5 14. Nc3 Qe8 15. 0-0 Qxc6 16. d3 Rf6 17. Rb1 g5 18. Bd2 Rbf8 19. f3 Rg6 20. Be3 a6 21. d4 Bc4 22. Qd2 Bxf1 23. Rxf1 Qc4 24. b3 Qf7 25. dxe5 Bxe5 26. Bc5 Bd6 27. Qf2 Re8 28. Bd4 Be5 29. Bxe5 Rxe5 30. Rd1 Rd6 31. Rxd6 cxd6 32. Qb6 Qe7 33. h3 Re1+ 34. Kf2 Rc1 35. Ne2 Rxc2 36. Qxa6 Qe6 37. Qd3 Rb2 38. b4 Rb3 39. Qd2 Rxa3 40. f4 Ra2 41. Qd3 Rb2 42. fxg5 hxg5 43. b5 Qe4 44. Qxe4 fxe4 45. Ke3 d5 46. Nc3 Rb3 47. Kd4 e3 48. b6 Rxb6 49. Kxe3 Rb2 50. Nxd5 Rxg2 51. Kf3 Rd2 52. Ne3 Rd4 53. Kg3 Kf7 54. Ng2 Kg6 55. h4 g4 56. Nf4+ Kf5 57. h5 Rxf4 58. h6 Rf3+ 59. Kg2 Rh3 0-1

[Event "PER-ch (Women)"]
[Site "Lima"]
[Date "2015.05.02"]
[Round "5"]
[White "Bocangel Chavez, Marjoire Johana"]
[Black "Llave Escobedo, Elia Emma"]
[Result "1/2-1/2"]
[WhiteElo "1734"]
[BlackElo "1566"]
[PlyCount "21"]
[EventDate "2015.04.30"]
[EventType "swiss"]
[EventRounds "8"]
[EventCountry "PER"]
[SourceTitle "CBM 166 Extra"]
[Source "ChessBase"]
[SourceDate "2015.06.18"]
[SourceVersion "1"]
[SourceVersionDate "2015.06.18"]
[SourceQuality "1"]

1. e4 e5 2. Nf3 Nf6 3. Nc3 d6 4. d4 Nbd7 5. Bc4 Nb6 6. Bb3 exd4 7. Qxd4 Be6 8. Bxe6 fxe6 9. e5 dxe5 10. Qxe5 Qd6 11. Qg5 1/2-1/2

[Event "PER-ch (Women)"]
[Site "Lima"]
[Date "2015.05.02"]
[Round "6"]
[White "Dongo, Melanie Dayanna"]
[Black "Bocangel Chavez, Marjoire Johana"]
[Result "1-0"]
[WhiteElo "1582"]
[BlackElo "1734"]
[PlyCount "133"]
[EventDate "2015.04.30"]
[EventType "swiss"]
[EventRounds "8"]
[EventCountry "PER"]
[SourceTitle "CBM 166 Extra"]
[Source "ChessBase"]
[SourceDate "2015.06.18"]
[SourceVersion "1"]
[SourceVersionDate "2015.06.18"]
[SourceQuality "1"]

1. e4 e6 2. d4 d5 3. Nd2 Nf6 4. e5 Nfd7 5. Bd3 c5 6. c3 Nc6 7. Ne2 Qb6 8. Nf3 cxd4 9. cxd4 Be7 10. 0-0 f6 11. exf6 Nxf6 12. a3 a5 13. Re1 0-0 14. Nf4 Nd8 15. h3 Bd6 16. Qc2 Bxf4 17. Bxf4 Bd7 18. Bc7 Qc6 19. Qxc6 Nxc6 20. Rac1 a4 21. Bb5 h6 22. Bxc6 Bxc6 23. Rxe6 Ne4 24. Re7 Rae8 25. Rxe8 Bxe8 26. Bg3 Bh5 27. Ne5 Be2 28. Ng6 Rd8 29. Bh4 Re8 30. Ne7+ Kh8 31. Nxd5 g5 32. Bg3 Nxg3 33. fxg3 b5 34. Rc7 Bd3 35. Re7 Rf8 36. Ne3 Kg8 37. d5 Rd8 38. Re6 h5 39. g4 hxg4 40. hxg4 Kf7 41. Rb6 Ke7 42. Kf2 Rc8 43. Ke1 Kd7 44. Kd2 Bc4 45. Rc6 Bb3 46. Rxc8 Kxc8 47. Kc3 Kc7 48. Kd4 Kd6 49. Nf5+ Kd7 50. Ke5 Bc4 51. Ne3 Bb3 52. Kf6 Kd6 53. Kxg5 Bxd5 54. Nxd5 Kxd5 55. Kf5 Kc4 56. g5 Kb3 57. g6 Kxb2 58. g7 Kxa3 59. g8Q b4 60. Ke4 b3 61. Kd3 b2 62. Qf8+ Ka2 63. Qf7+ Ka1 64. Qf6 a3 65. Kc2 Ka2 66. Qe6+ Ka1 67. Qe1+ 1-0

[Event "PER-ch (Women)"]
[Site "Lima"]
[Date "2015.05.01"]
[Round "4"]
[White "Aliaga Fernandez, Ingrid Yadira"]
[Black "Bocangel Chavez, Marjoire Johana"]
[Result "1-0"]
[WhiteElo "2124"]
[BlackElo "1734"]
[PlyCount "59"]
[EventDate "2015.04.30"]
[EventType "swiss"]
[EventRounds "8"]
[EventCountry "PER"]
[SourceTitle "CBM 166 Extra"]
[Source "ChessBase"]
[SourceDate "2015.06.18"]
[SourceVersion "1"]
[SourceVersionDate "2015.06.18"]
[SourceQuality "1"]

1. e4 e6 2. d4 d5 3. Nc3 Bb4 4. e5 Ne7 5. a3 Bxc3+ 6. bxc3 c5 7. Nf3 Nbc6 8. Bd3 c4 9. Be2 Bd7 10. a4 Ng6 11. h4 Qa5 12. Qd2 Nce7 13. Ba3 h5 14. Bb4 Qd8 15. a5 Nf5 16. g3 f6 17. Qd1 fxe5 18. Ng5 e4 19. Bxh5 Qf6 20. Qg4 Rh6 21. Bxg6+ Rxg6 22. Qf4 Bc6 23. Nh7 Qf7 24. Ng5 Qf6 25. a6 0-0-0 26. axb7+ Kxb7 27. Rxa7+ Kxa7 28. Qc7+ Ka8 29. 0-0 Ba4 30. Ra1 1-0

[Event "Olympiad Women-41"]
[Site "Tromsoe"]
[Date "2014.08.06"]
[Round "5.3"]
[White "Bocangel Chavez, Marjoire Johana"]
[Black "Mencos, Claudia"]
[Result "1/2-1/2"]
[WhiteElo "1731"]
[BlackElo "2017"]
[PlyCount "68"]
[EventDate "2014.08.02"]
[EventType "team-swiss"]
[EventRounds "11"]
[EventCountry "NOR"]
[SourceTitle "CBM 162"]
[Source "ChessBase"]
[SourceDate "2014.09.17"]
[SourceVersion "1"]
[SourceVersionDate "2014.09.17"]
[SourceQuality "1"]
[WhiteTeam "Peru (W)"]
[BlackTeam "Guatemala (W)"]
[WhiteTeamCountry "PER"]
[BlackTeamCountry "GUA"]

1. e4 c5 2. Nf3 e6 3. d4 cxd4 4. Nxd4 a6 5. Bd3 Bc5 6. Nb3 Be7 7. Qg4 Nf6 8. Qxg7 Rg8 9. Qh6 d6 10. g3 Nc6 11. Qe3 Qc7 12. Nc3 b5 13. a3 Ne5 14. Qe2 Bb7 15. Bf4 Nc4 16. Bxc4 bxc4 17. Nd2 Rc8 18. f3 Nd7 19. Kf2 Bf6 20. Rhd1 h5 21. Rab1 Ne5 22. Be3 Nd7 23. Na2 h4 24. Rh1 Ne5 25. Nc3 Ba8 26. Na4 Nd7 27. b3 c3 28. Nc4 hxg3+ 29. hxg3 d5 30. Bf4 Qa7+ 31. Be3 Qc7 32. Bf4 Qa7+ 33. Be3 Qc7 34. Bf4 Qa7+ 1/2-1/2